00813nam a2200193 i 4500001000700000003000900007005001700016007000300033008004100036100003400077245012900111260010000240300007400340490004000414650005200454650004200506830004000548852003100588108568ES-MaACL20240125063138.0t|061121s1976 sp r ||||1| spa d1 aMonleón, José,d1927-201610a4 autores críticos: J.M. Rodríguez Méndez, J. Martín Recuerda, Francisco Nieva, Jesús Campos / cJosé Monleón. aGranada : bUniversidad, Secretariado de Extensión Universitaria, Gabinete de Teatro, c1976. a7 h., 162 p. 2 h. con lám. pleg. neg. y col : bil. ; c22 x 22 cm.1 aLibros del Gabinete de Teatro ; v1 4aTeatro español-yS.XX-xHistoria y crítica. 4aEscritores españoles-vEntrevistas.0 aLibros del Gabinete de Teatro ; v1 aES-MaACLjA-6501 bR.95128